[Event "SVK-ch Region"]
[Site "Slovakia"]
[Date "2006.07.05"]
[Round "7"]
[White "Kuchyna, Stanislav"]
[Black "Stromp, Julius"]
[Result "0-1"]
[WhiteElo "1996"]
[BlackElo "2056"]
[PlyCount "54"]
[EventDate "2006.06.04"]
[EventType "swiss"]
[EventRounds "9"]
[EventCountry "SVK"]
[SourceTitle "EXT 2007"]
[Source "ChessBase"]
[SourceDate "2006.11.23"]
[SourceVersion "1"]
[SourceVersionDate "2006.11.23"]
[SourceQuality "1"]

1. e4 e5 2. Nf3 Nf6 3. Nxe5 d6 4. Nf3 Nxe4 5. c4 Be7 6. Nc3 Nxc3 7. dxc3 0-0 8. Be3 Nd7 9. Bd3 Nf6 10. h3 b6 11. Nd4 Bb7 12. Qc2 g6 13. Rg1 Re8 14. 0-0-0 Bf8 15. Qd2 Bg7 16. Bg5 Qd7 17. f3 Qa4 18. Nb5 Rac8 19. Qc2 Qxc2+ 20. Kxc2 a6 21. Nd4 Nd7 22. f4 h6 23. Bh4 Nc5 24. g4 Re3 25. f5 g5 26. f6 Bxf6 27. Nf5 Rxd3 0-1

[Event "SVK-ch Region"]
[Site "Slovakia"]
[Date "2006.07.04"]
[Round "5"]
[White "Benko, Jozef"]
[Black "Stromp, Julius"]
[Result "0-1"]
[WhiteElo "1565"]
[BlackElo "2056"]
[PlyCount "100"]
[EventDate "2006.06.04"]
[EventType "swiss"]
[EventRounds "9"]
[EventCountry "SVK"]
[SourceTitle "EXT 2007"]
[Source "ChessBase"]
[SourceDate "2006.11.23"]
[SourceVersion "1"]
[SourceVersionDate "2006.11.23"]
[SourceQuality "1"]

1. e4 e6 2. c3 d5 3. exd5 exd5 4. d4 Bd6 5. Nf3 c6 6. Bg5 f6 7. Be3 Ne7 8. h3 Nd7 9. Bd3 Nf8 10. Nbd2 Nfg6 11. g3 Be6 12. Qc2 Qd7 13. h4 Nf5 14. Bxf5 Bxf5 15. Qb3 b5 16. a4 Rb8 17. a5 0-0 18. Kf1 Bh3+ 19. Kg1 Rfe8 20. Kh2 h5 21. Rhe1 Qf5 22. Rac1 Bg4 23. Qc2 Re6 24. Qxf5 Bxf5 25. Kg2 Rbe8 26. b4 Bd3 27. Nb3 Ne7 28. Nc5 Bxc5 29. dxc5 Be4 30. Bd2 Nf5 31. Rxe4 Rxe4 32. Kf1 Kf7 33. Re1 Rxe1+ 34. Bxe1 Rd8 35. Ke2 d4 36. Kd3 dxc3+ 37. Kxc3 Ke6 38. Bd2 Kd5 39. Bf4 a6 40. Kd3 Re8 41. Bc7 Re4 42. Kc3 Rc4+ 43. Kb3 Nd4+ 44. Nxd4 Kxd4 45. Bd6 Ke4 46. Bf8 g5 47. hxg5 fxg5 48. Be7 Kf5 49. f3 h4 50. gxh4 gxh4 0-1

[Event "SVK-ch Region"]
[Site "Slovakia"]
[Date "2006.07.03"]
[Round "4"]
[White "Stromp, Julius"]
[Black "Marvanyi, Milan"]
[Result "1-0"]
[WhiteElo "2056"]
[BlackElo "1833"]
[PlyCount "88"]
[EventDate "2006.06.04"]
[EventType "swiss"]
[EventRounds "9"]
[EventCountry "SVK"]
[SourceTitle "EXT 2007"]
[Source "ChessBase"]
[SourceDate "2006.11.23"]
[SourceVersion "1"]
[SourceVersionDate "2006.11.23"]
[SourceQuality "1"]

1. d4 d5 2. e3 Bf5 3. Bd3 Bxd3 4. Qxd3 e6 5. Ne2 a6 6. 0-0 Nf6 7. Nd2 c5 8. c3 c4 9. Qc2 Bd6 10. f4 0-0 11. f5 Nbd7 12. Rf3 Qe7 13. e4 dxe4 14. Nxe4 Nxe4 15. Qxe4 Nf6 16. Qc2 exf5 17. Bg5 Qe4 18. Qd2 Nd5 19. Ng3 Bxg3 20. Rxg3 f4 21. Rf3 Rae8 22. Bxf4 Re6 23. Bg3 Rfe8 24. Raf1 f6 25. Bf2 Qe2 26. Qc1 b5 27. Rd1 g6 28. h3 g5 29. Kh2 Qe4 30. Re1 Qg6 31. Rxe6 Rxe6 32. Qd1 h5 33. a4 f5 34. Bg1 g4 35. Rf1 f4 36. axb5 axb5 37. Qa1 gxh3 38. Qa8+ Kh7 39. Qxd5 Re4 40. Qd7+ Kh6 41. Qxh3 Qd6 42. Kh1 Qe7 43. Qf5 Qh4+ 44. Bh2 Kg7 1-0

[Event "SVK-chT2D 0506"]
[Site "Slovakia"]
[Date "2005.10.22"]
[Round "1.5"]
[White "Stromp, Julius"]
[Black "Kantor, Jozef"]
[Result "1-0"]
[WhiteElo "2052"]
[BlackElo "1990"]
[PlyCount "53"]
[EventDate "2005.10.22"]
[EventType "team-tourn"]
[EventRounds "11"]
[EventCountry "SVK"]
[SourceTitle "EXT 2009"]
[Source "ChessBase"]
[SourceDate "2008.11.26"]
[SourceVersion "1"]
[SourceVersionDate "2008.11.26"]
[SourceQuality "1"]

1. e4 c5 2. Nf3 Nc6 3. d4 cxd4 4. Nxd4 d6 5. Nc3 Nf6 6. Be2 a6 7. g4 Nxd4 8. Qxd4 e5 9. Qd1 Be6 10. g5 Nd7 11. Be3 Be7 12. h4 Rc8 13. Qd2 Qa5 14. Nd5 Qxd2+ 15. Kxd2 Nc5 16. f3 b5 17. c4 bxc4 18. Rhc1 Bxd5 19. exd5 0-0 20. Rxc4 f5 21. Rac1 Rfd8 22. b4 Rb8 23. bxc5 dxc5 24. R4c2 Rxd5+ 25. Ke1 Kf8 26. Bxc5 Rxc5 27. Rxc5 1-0